Datum a čas kvízu
21
Celkem bodů
Celkový počet nahraných bodů na tomto kvízu bez doplňovacích otázek.
6.
Pořadí na kvízu
Konečné umístění týmu na tomto kvízu.
Zaznamenané odpovědi
| # | Otázka | Odpověď | Body | Výsledky |
|---|---|---|---|---|
| 1. | Jak se jmenuje muž, který byl... | 0 | ||
| 2. | Americká Federální komise pro... | 0 | ||
| 3. | V nové české komedii s Jiřím L... | 1 | ||
| 4. | Společnost Coca-Cola je první... | 0 | ||
| 5. | Mnozí máme v paměti první ročn... | 0 | ||
| 5. | Jak se jmenovala značka, která... | 0 | ||
| 5. | Kim Čong-Il, Adolf Hitler, Idi... | 1 | ||
| 5. | Určitě si vybavíte, jak vypadá... | 0 | ||
| 5. | Opel je součástí skupiny Group... | 1 | ||
| 5. | Díváme se na legendární užitko... | 1 |